Statistiques concernant Les adversaires battus par Djokovic, Nadal et Federer en finale de GC

Cliquez ici pour prendre le quiz!

Statistiques générales

  • Ce quiz a été pris 786 fois
    (303 depuis la dernière actualisation)
  • Le résultat moyen est 51 sur 65

Statistiques - réponses

RéponseAnnéeRésultat% Correct
Andy Murray20086-2, 7-5, 6-2
95%
Andy Murray20116-4, 6-2, 6-3
95%
Andy Murray20124-6, 7-5, 6-3, 6-4
95%
Andy Murray20106-3, 6-4, 7-6
95%
Andy Murray20166-1, 7-5, 7-6
95%
Andy Murray20157-6, 6-7, 6-3, 6-0
95%
Andy Murray20136-7, 7-6, 6-3, 6-2
95%
Andy Murray20163-6, 6-1, 6-2, 6-4
95%
Daniil Medvedev20222-6, 5-7, 6-4, 6-4, 7-5
92%
Daniil Medvedev20197-5, 6-3, 5-7, 4-6, 6-4
92%
Daniil Medvedev20217-5, 6-2, 6-2
92%
Rodger Federer20097-5, 3-6, 7-6, 3-6, 6-2
92%
Roger Federer20061-6, 6-1, 6-4, 7-6
92%
Roger Federer20156-4, 5-7, 6-4, 6-4
92%
Roger Federer20197-6, 1-6, 7-6, 4-6, 13-12
92%
Roger Federer20157-6, 6-7, 6-4, 6-3
92%
Roger Federer20076-3, 4-6, 6-3, 6-4
92%
Roger Federer20086-1, 6-3, 6-0
92%
Roger Federer20117-5, 7-6, 5-7, 6-1
92%
Roger Federer20146-7, 6-4, 7-6, 5-7, 6-4
92%
Roger Federer20086-4, 6-4, 6-7, 6-7, 9-7
92%
Novak Djokovic20126-4, 6-3, 2-6, 7-5
91%
Novak Djokovic20206-0, 6-2, 7-5
91%
Novak Djokovic20077-6, 7-6, 6-4
91%
Novak Djokovic20106-4, 5-7, 6-4, 6-2
91%
Novak Djokovic20143-6, 7-5, 6-2, 6-4
91%
Novak Djokovic20136-2, 3-6, 6-4, 6-1
91%
Rafael Nadal20077-6, 4-6, 7-6, 2-6, 6-2
91%
Rafael Nadal20066-0, 7-6, 6-7, 6-3
91%
Rafael Nadal20176-4, 3-6, 6-1, 3-6, 6-3
91%
Rafael Nadal20116-4, 6-1, 1-6, 6-3
91%
Rafael Nadal20116-2, 6-4, 3-6, 6-1
91%
Rafael Nadal20125-7, 6-4, 6-2, 6-7, 7-5
91%
Rafael Nadal20196-3, 6-2, 6-3
91%
Stan Wawrinka20176-2, 6-3, 6-1
90%
Casper Ruud20237-6, 6-3, 7-5
86%
Casper Ruud20226-3, 6-3, 6-0
86%
Jo-Wilfried Tsonga20084-6, 6-4, 6-3, 7-6
85%
Dominic Thiem20206-4, 4-6, 2-6, 6-3, 6-4
84%
Dominic Thiem20196-3, 5-7, 6-1, 6-1
84%
Dominic Thiem20186-4, 6-3, 6-2
84%
Stefanos Tsitsipas20216-7, 2-6, 6-3, 6-2, 6-4
83%
Stefanos Tsitsipas20236-3, 7-6,7-6
83%
David Ferrer20136-3, 6-2, 6-3
76%
Juan Martin Del Potro20186-3, 7-6, 6-3
73%
Marin Cilic20176-3, 6-1, 6-4
69%
Marin Cilic20186-2, 6-7, 6-3, 3-6, 6-1
69%
Andy Roddick20056-2, 7-6, 6-4
63%
Andy Roddick20044-6, 7-5, 7-6, 6-4
63%
Andy Roddick20066-2, 4-6, 7-5, 6-1
63%
Andy Roddick20095-7, 7-6, 7-6, 3-6, 16-14
63%
Robin Soderling20106-4, 6-2, 6-4
63%
Robin Soderling20096-1, 7-6, 6-4
63%
Nick Kyrgios20224-6,6-3,6-4,7-6
59%
Andre Agassi20056-3, 2-6, 7-6, 6-1
57%
Kevin Anderson20186-2, 6-2, 7-6
49%
Kevin Anderson20176-3, 6-3, 6-4
49%
Matteo Berrettini20216-7, 6-4, 6-4, 6-3
48%
Lleyton Hewitt20046-0, 7-6, 6-0
45%
Tomas Berdych20106-3, 7-5, 6-4
44%
Marat Safin20047-6, 6-4, 6-3
43%
Mariano Puerta20056-7, 6-3, 6-1, 7-5
29%
Mark Philippoussis20037-6, 6-2, 7-6
25%
Marcos Baghdatis20065-7, 7-5, 6-0, 6-2
20%
Fernando Gonzalez20077-6, 6-4, 6-4
17%

Distribution des résultats

Percentile par nombre de réponses

% des personnes avec chaque résultat

Votre développement - résultats

Vous n’avez pas pris ce quiz depuis la dernière actualisation